000 00538nam a2200181 a 4500
003 BD-DhJNU
005 20250210042721.0
008 250204s1966 ii a b 001 0 eng
040 _aBD-DhJNU
_bENG
_cBD-DhJNU
_dBD-DhJNU
082 0 0 _a150 NEW
_223
245 1 0 _aNew horizons in psychology /
_cedited by Brian M. Foss
260 _aUSA :
_bPenguin Books,
_c1966.
300 _a448 p. :
_bill. ;
_c18 cm.
504 _aIncludes bibliographical references and index.
650 0 _aPsychology
700 1 _aFoss, Brian M.
_eEditor
942 _cBK
999 _c1282
_d1282